000 01544cam a2200385 i 4500
001 22070151
003 IVS
005 20250711161752.0
008 210607s2021 enk b 001 0 eng
010 _a 2021027460
020 _a9780262543033
_q(paperback)
040 _aDLC
_beng
_cDLC
_erda
_dDLC
042 _apcc
050 0 0 _aN66
_b.M35 2021
082 0 0 _a709.04 /SUT
_223
_b20788
100 _aSutcliffe, Jamie
130 0 _aMagic (M.I.T. Press)
245 1 0 _aMagic : Documents of Contemporary Art
264 1 _aLondon :
_bWhitechapel Gallery ;
_aCambridge, Massachusetts :
_bThe MIT Press,
_c2021.
300 _a239 pages ;
_c21 cm.
336 _atext
_btxt
_2rdacontent
337 _aunmediated
_bn
_2rdamedia
338 _avolume
_bnc
_2rdacarrier
490 0 _aDocuments of contemporary art
504 _aIncludes bibliographical references (pages 234-235) and index.
505 0 _aMagical critical -- Shadow modern -- Ritual media -- Psychic self-defence.
520 _a"This anthology will provide the first accessible reader on magic's generative relationship with contemporary art practice"--
_cProvided by publisher.
650 0 _aHistory, geographic treatment, biography
_y 1900-2099
650 0 _aArt and magic
650 0 _aArt, Modern Philosophy
700 1 _aSutcliffe, Jamie,
_eeditor.
906 _a7
_bcbc
_corignew
_d1
_eecip
_f20
_gy-gencatlg
942 _2ddc
_cREF
_n0
999 _c14467
_d14467